| 000 | 00557nam a2200217Ia 4500 | ||
|---|---|---|---|
| 003 | OSt | ||
| 005 | 20230426095318.0 | ||
| 008 | 210423s2000 xx 000 0 und d | ||
| 020 | _a9788126912933 | ||
| 040 | _cAL | ||
| 041 | _aeng | ||
| 082 |
_a809.93592 _223 _bHAMP |
||
| 100 |
_aHAMILTON (Paul) _993127 |
||
| 245 | _aPercy Bysshe Shelley | ||
| 260 |
_bAtlantic Publishers and Distributors _c2000 |
||
| 300 |
_axi,99 _bPB |
||
| 365 |
_b175 _cINR |
||
| 650 |
_aHistory of Literature _993128 |
||
| 906 | _aBysshe ; Percy ; Shelley | ||
| 942 |
_2ddc _cBK |
||
| 999 |
_c161078 _d161078 |
||